History Quiz

Random History or Nation Quiz

Canadian History by Decade Quiz Stats

 Plays Quiz Updated Apr 1, 2015

Challenge
Share
Tweet
Embed
Score 0/26 Timer 08:00
0 Plays Today
% Correct
2010s
69.5%
1940s
67.1%
1980s
61.3%
1970s
59.8%
1960s
57.6%
1810s
57.3%
1990s
56.6%
2000s
55.3%
1950s
47.2%
1890s
40.7%
1760s
38.5%
1910s
36.5%
1900s
34.4%
% Correct
1880s
34.4%
1930s
33.1%
1920s
32.5%
1770s
31.8%
1860s
31.6%
1870s
28.8%
1830s
25.2%
1780s
24.3%
1790s
22%
1840s
20.5%
1850s
18.7%
1800s
17.6%
1820s
17.1%

You're not logged in!

Compare scores with friends on all Sporcle quizzes.
Join for Free
OR
Log In

You Might Also Like...

Show Comments

Extras

Top Quizzes Today


Score Distribution

Your Account Isn't Verified!

In order to create a playlist on Sporcle, you need to verify the email address you used during registration. Go to your Sporcle Settings to finish the process.

Report this User

Report this user for behavior that violates our Community Guidelines.

Details: